Statistics for All Food Themed Cars in Crash of Cars

Click here to take the quiz!

General Stats

  • This quiz has been taken 2 times
  • The average score is 4 of 12

Answer Stats

RarityCar% Correct
RareBanana
100%
FusedBanana Split
100%
RareCoffee Cup
50%
RareDonut
50%
CommonPudding
50%
CommonPumpkin
50%
RareBig Slice
0%
RareBurger
0%
CommonCarrot
0%
RareHotdog
0%
RarePeanut Car
0%
CommonShelly
0%

Score Distribution

Percentile by Number Answered

Percent of People with Each Score

Your Score History

You have not taken this quiz